<?xml version="1.0" encoding="UTF-8"?>
<record
    xmlns:xsi="http://www.w3.org/2001/XMLSchema-instance"
    xsi:schemaLocation="http://www.loc.gov/MARC21/slim http://www.loc.gov/standards/marcxml/schema/MARC21slim.xsd"
    xmlns="http://www.loc.gov/MARC21/slim">

  <leader>00361nam a2200145Ia 4500</leader>
  <controlfield tag="008">191201s2014    xx            000 0 und d</controlfield>
  <datafield tag="082" ind1=" " ind2=" ">
    <subfield code="a">005.14</subfield>
    <subfield code="b">CHS</subfield>
  </datafield>
  <datafield tag="100" ind1=" " ind2=" ">
    <subfield code="a">CHOPRA,Rajiv</subfield>
  </datafield>
  <datafield tag="245" ind1=" " ind2="0">
    <subfield code="a">Software Testing &amp; Practical Approach&#x2026;.</subfield>
  </datafield>
  <datafield tag="250" ind1=" " ind2=" ">
    <subfield code="a">3rd</subfield>
  </datafield>
  <datafield tag="260" ind1=" " ind2=" ">
    <subfield code="a">N. delhi</subfield>
    <subfield code="b">S.K.Kataria</subfield>
    <subfield code="c">2014</subfield>
  </datafield>
  <datafield tag="300" ind1=" " ind2=" ">
    <subfield code="a">552</subfield>
  </datafield>
  <datafield tag="650" ind1=" " ind2=" ">
    <subfield code="a">B.Tech(CSE)</subfield>
  </datafield>
  <datafield tag="942" ind1=" " ind2=" ">
    <subfield code="2">ddc</subfield>
    <subfield code="c">BK</subfield>
    <subfield code="0">11</subfield>
  </datafield>
  <datafield tag="999" ind1=" " ind2=" ">
    <subfield code="c">4833</subfield>
    <subfield code="d">4833</subfield>
  </datafield>
  <datafield tag="952" ind1=" " ind2=" ">
    <subfield code="0">0</subfield>
    <subfield code="1">0</subfield>
    <subfield code="2">ddc</subfield>
    <subfield code="4">0</subfield>
    <subfield code="7">0</subfield>
    <subfield code="8">BTECHCSE</subfield>
    <subfield code="a">PIET</subfield>
    <subfield code="b">PIET</subfield>
    <subfield code="d">2011-04-11</subfield>
    <subfield code="e">The book company</subfield>
    <subfield code="g">250.00</subfield>
    <subfield code="k">IN-7679 Rs 185</subfield>
    <subfield code="l">4</subfield>
    <subfield code="o">005.14 CHS</subfield>
    <subfield code="p">17396</subfield>
    <subfield code="r">2023-06-23 00:00:00</subfield>
    <subfield code="s">2023-06-09</subfield>
    <subfield code="w">2011-03-31</subfield>
    <subfield code="y">BK</subfield>
  </datafield>
  <datafield tag="952" ind1=" " ind2=" ">
    <subfield code="0">0</subfield>
    <subfield code="1">0</subfield>
    <subfield code="2">ddc</subfield>
    <subfield code="4">0</subfield>
    <subfield code="7">0</subfield>
    <subfield code="8">BTECHCSE</subfield>
    <subfield code="a">PIET</subfield>
    <subfield code="b">PIET</subfield>
    <subfield code="d">2011-04-11</subfield>
    <subfield code="e">The book company</subfield>
    <subfield code="g">250.00</subfield>
    <subfield code="k">IN-7679 Rs 185</subfield>
    <subfield code="l">1</subfield>
    <subfield code="o">005.14 CHS</subfield>
    <subfield code="p">17397</subfield>
    <subfield code="r">2020-03-04 00:00:00</subfield>
    <subfield code="s">2020-02-25</subfield>
    <subfield code="w">2011-03-31</subfield>
    <subfield code="y">BK</subfield>
  </datafield>
  <datafield tag="952" ind1=" " ind2=" ">
    <subfield code="0">0</subfield>
    <subfield code="1">0</subfield>
    <subfield code="2">ddc</subfield>
    <subfield code="4">0</subfield>
    <subfield code="7">0</subfield>
    <subfield code="8">BTECHCSE</subfield>
    <subfield code="a">PIET</subfield>
    <subfield code="b">PIET</subfield>
    <subfield code="d">2011-04-11</subfield>
    <subfield code="e">The book company</subfield>
    <subfield code="g">250.00</subfield>
    <subfield code="k">IN-7679 Rs 185</subfield>
    <subfield code="l">1</subfield>
    <subfield code="o">005.14 CHS</subfield>
    <subfield code="p">17398</subfield>
    <subfield code="r">2020-02-28 00:00:00</subfield>
    <subfield code="s">2020-02-24</subfield>
    <subfield code="w">2011-03-31</subfield>
    <subfield code="y">BK</subfield>
  </datafield>
  <datafield tag="952" ind1=" " ind2=" ">
    <subfield code="0">0</subfield>
    <subfield code="1">0</subfield>
    <subfield code="2">ddc</subfield>
    <subfield code="4">0</subfield>
    <subfield code="7">0</subfield>
    <subfield code="8">BTECHCSE</subfield>
    <subfield code="a">PIET</subfield>
    <subfield code="b">PIET</subfield>
    <subfield code="d">2011-04-11</subfield>
    <subfield code="e">The book company</subfield>
    <subfield code="g">250.00</subfield>
    <subfield code="k">IN-7679 Rs 185</subfield>
    <subfield code="l">2</subfield>
    <subfield code="o">005.14 CHS</subfield>
    <subfield code="p">17399</subfield>
    <subfield code="r">2021-05-22 00:00:00</subfield>
    <subfield code="s">2021-04-13</subfield>
    <subfield code="w">2011-03-31</subfield>
    <subfield code="y">BK</subfield>
  </datafield>
  <datafield tag="952" ind1=" " ind2=" ">
    <subfield code="0">0</subfield>
    <subfield code="1">0</subfield>
    <subfield code="2">ddc</subfield>
    <subfield code="4">0</subfield>
    <subfield code="7">0</subfield>
    <subfield code="8">BTECHCSE</subfield>
    <subfield code="a">PIET</subfield>
    <subfield code="b">PIET</subfield>
    <subfield code="d">2011-04-11</subfield>
    <subfield code="e">The book company</subfield>
    <subfield code="g">250.00</subfield>
    <subfield code="k">IN-7679 Rs 185</subfield>
    <subfield code="l">3</subfield>
    <subfield code="o">005.14 CHS</subfield>
    <subfield code="p">17400</subfield>
    <subfield code="r">2023-06-09 00:00:00</subfield>
    <subfield code="s">2023-05-04</subfield>
    <subfield code="w">2011-03-31</subfield>
    <subfield code="y">BK</subfield>
  </datafield>
  <datafield tag="952" ind1=" " ind2=" ">
    <subfield code="0">0</subfield>
    <subfield code="1">0</subfield>
    <subfield code="2">ddc</subfield>
    <subfield code="4">0</subfield>
    <subfield code="7">0</subfield>
    <subfield code="8">BTECHCSE</subfield>
    <subfield code="a">PIET</subfield>
    <subfield code="b">PIET</subfield>
    <subfield code="d">2011-04-11</subfield>
    <subfield code="e">The book company</subfield>
    <subfield code="g">250.00</subfield>
    <subfield code="k">IN-7679 Rs 185</subfield>
    <subfield code="l">0</subfield>
    <subfield code="o">005.14 CHS</subfield>
    <subfield code="p">17401</subfield>
    <subfield code="r">2020-03-13 00:00:00</subfield>
    <subfield code="w">2011-03-31</subfield>
    <subfield code="y">BK</subfield>
  </datafield>
  <datafield tag="952" ind1=" " ind2=" ">
    <subfield code="0">0</subfield>
    <subfield code="1">0</subfield>
    <subfield code="2">ddc</subfield>
    <subfield code="4">0</subfield>
    <subfield code="7">0</subfield>
    <subfield code="8">BTECHCSE</subfield>
    <subfield code="a">PIET</subfield>
    <subfield code="b">PIET</subfield>
    <subfield code="d">2011-04-11</subfield>
    <subfield code="e">The book company</subfield>
    <subfield code="g">250.00</subfield>
    <subfield code="k">IN-7679 Rs 185</subfield>
    <subfield code="l">1</subfield>
    <subfield code="o">005.14 CHS</subfield>
    <subfield code="p">17402</subfield>
    <subfield code="r">2023-05-11 00:00:00</subfield>
    <subfield code="s">2023-05-05</subfield>
    <subfield code="w">2011-03-31</subfield>
    <subfield code="y">BK</subfield>
  </datafield>
  <datafield tag="952" ind1=" " ind2=" ">
    <subfield code="0">0</subfield>
    <subfield code="1">0</subfield>
    <subfield code="2">ddc</subfield>
    <subfield code="4">0</subfield>
    <subfield code="7">0</subfield>
    <subfield code="8">BTECHCSE</subfield>
    <subfield code="a">PIET</subfield>
    <subfield code="b">PIET</subfield>
    <subfield code="d">2011-04-11</subfield>
    <subfield code="e">The book company</subfield>
    <subfield code="g">250.00</subfield>
    <subfield code="k">IN-7679 Rs 185</subfield>
    <subfield code="l">0</subfield>
    <subfield code="o">005.14 CHS</subfield>
    <subfield code="p">17403</subfield>
    <subfield code="r">2019-12-04 00:00:00</subfield>
    <subfield code="w">2011-03-31</subfield>
    <subfield code="y">REF</subfield>
  </datafield>
  <datafield tag="952" ind1=" " ind2=" ">
    <subfield code="0">0</subfield>
    <subfield code="1">0</subfield>
    <subfield code="2">ddc</subfield>
    <subfield code="4">0</subfield>
    <subfield code="7">0</subfield>
    <subfield code="8">BTECHCSE</subfield>
    <subfield code="a">PIET</subfield>
    <subfield code="b">PIET</subfield>
    <subfield code="d">2011-04-11</subfield>
    <subfield code="e">The book company</subfield>
    <subfield code="g">250.00</subfield>
    <subfield code="k">IN-7679 Rs 185</subfield>
    <subfield code="l">3</subfield>
    <subfield code="o">005.14 CHS</subfield>
    <subfield code="p">17404</subfield>
    <subfield code="r">2023-06-15 00:00:00</subfield>
    <subfield code="s">2023-06-01</subfield>
    <subfield code="w">2011-03-31</subfield>
    <subfield code="y">BK</subfield>
  </datafield>
  <datafield tag="952" ind1=" " ind2=" ">
    <subfield code="0">0</subfield>
    <subfield code="1">0</subfield>
    <subfield code="2">ddc</subfield>
    <subfield code="4">0</subfield>
    <subfield code="7">0</subfield>
    <subfield code="8">BTECHCSE</subfield>
    <subfield code="a">PIET</subfield>
    <subfield code="b">PIET</subfield>
    <subfield code="d">2011-04-11</subfield>
    <subfield code="e">The book company</subfield>
    <subfield code="g">250.00</subfield>
    <subfield code="k">IN-7679 Rs 185</subfield>
    <subfield code="l">1</subfield>
    <subfield code="o">005.14 CHS</subfield>
    <subfield code="p">17405</subfield>
    <subfield code="r">2020-03-12 00:00:00</subfield>
    <subfield code="s">2020-02-24</subfield>
    <subfield code="w">2011-03-31</subfield>
    <subfield code="y">BK</subfield>
  </datafield>
</record>
